[Event "Deutsche Ländermeisterschaft 2014"]
[Site "Hannover GER"]
[Date "2014.10.04"]
[Round "2"]
[White "Hecht, Carsten"]
[Black "Nahnsen, Kenneth"]
[Result "1/2-1/2"]
[Termination "normal"]
[Board "4.2"]
[WhiteElo "2189"]
[BlackElo "1960"]
[WhiteClock "00:01:21"]
[BlackClock "00:36:04"]
[WhiteTeam "Nordrhein-Westfalen"]
[BlackTeam "Team Nord"]
[PlyCount "71"]
[WhiteFideId "24693928"]
[BlackFideId "12957119"]
[EventCountry "GER"]
[EventRounds "7"]
[EventType "team-swiss"]
[EventDate "2014.10.02"]

1. e4 {[%clk 1:30:59]} c5 {[%clk 1:30:51]} 2. Nf3 {[%clk 1:31:25]} d6 {[%clk
1:31:14]} 3. d4 {[%clk 1:31:52]} cxd4 {[%clk 1:31:38]} 4. Nxd4 {[%clk 1:32:19]}
Nf6 {[%clk 1:31:58]} 5. Nc3 {[%clk 1:32:46]} g6 {[%clk 1:32:21]} 6. Be3 Bg7
{[%clk 1:32:42]} 7. f3 {[%clk 1:33:27]} O-O {[%clk 1:33:04]} 8. Qd2 {[%clk
1:33:47]} Nc6 {[%clk 1:33:28]} 9. Bc4 {[%clk 1:34:10]} Nxd4 {[%clk 1:33:52]}
10. Bxd4 {[%clk 1:33:00]} Be6 {[%clk 1:33:38]} 11. Bb3 {[%clk 1:28:16]} Qa5
{[%clk 1:34:02]} 12. O-O-O {[%clk 1:24:11]} b5 {[%clk 1:34:27]} 13. Kb1 {[%clk
1:22:35]} Rfc8 {[%clk 1:34:49]} 14. Bxf6 {[%clk 1:13:41]} Bxf6 {[%clk 1:35:11]}
15. Nd5 {[%clk 1:12:36]} Qxd2 {[%clk 1:35:37]} 16. Nxf6+ {[%clk 1:11:41]} Kg7
{[%clk 1:36:03]} 17. Nh5+ {[%clk 1:09:47]} Kh6 {[%clk 1:36:27]} 18. Rxd2 {[%clk
1:10:02]} Kxh5 {[%clk 1:36:50]} 19. f4 {[%clk 1:07:42]} Rc5 {[%clk 1:35:29]}
20. Re1 {[%clk 0:52:42]} Rac8 {[%clk 1:22:02]} 21. c3 {[%clk 0:49:35]} Bxb3
{[%clk 1:17:16]} 22. axb3 {[%clk 0:48:51]} Kh6 {[%clk 1:13:45]} 23. e5 {[%clk
0:43:11]} dxe5 {[%clk 1:11:16]} 24. fxe5 {[%clk 0:42:21]} R8c7 {[%clk 1:11:38]}
25. Rd4 {[%clk 0:23:27]} R5c6 {[%clk 1:05:16]} 26. Kc2 {[%clk 0:21:14]} Re6
{[%clk 1:05:08]} 27. Rd5 {[%clk 0:17:57]} a6 {[%clk 1:04:48]} 28. Kd3 {[%clk
0:14:40]} Rec6 {[%clk 0:48:22]} 29. Re2 {[%clk 0:13:11]} f5 {[%clk 0:45:34]}
30. Kd4 {[%clk 0:09:07]} Kg7 {[%clk 0:45:06]} 31. Rc2 {[%clk 0:03:53]} Kf7
{[%clk 0:44:45]} 32. c4 {[%clk 0:03:48]} Ke6 {[%clk 0:45:07]} 33. c5 {[%clk
0:02:19]} b4 {[%clk 0:35:42]} 34. Kc4 {[%clk 0:01:31]} Rb7 {[%clk 0:36:05]} 35.
Rcd2 {[%clk 0:01:21]} Rb5 {[%clk 0:36:04]} 36. Rd1 1/2-1/2

[Event "Deutsche Ländermeisterschaft 2014"]
[Site "Hannover GER"]
[Date "2014.10.04"]
[Round "2"]
[White "Schnabel, Bennett"]
[Black "Kuckling, Hannah"]
[Result "1-0"]
[Termination "normal"]
[Board "4.3"]
[WhiteElo "1744"]
[BlackElo "2024"]
[WhiteClock "00:39:38"]
[BlackClock "00:01:04"]
[WhiteTeam "Team Nord"]
[BlackTeam "Nordrhein-Westfalen"]
[PlyCount "65"]
[WhiteFideId "12943290"]
[BlackFideId "24603660"]
[EventCountry "GER"]
[EventRounds "7"]
[EventType "team-swiss"]
[EventDate "2014.10.02"]

1. d4 {[%clk 1:30:47]} Nf6 {[%clk 1:30:53]} 2. e3 {[%clk 1:30:46]} g6 {[%clk
1:31:05]} 3. Bd3 {[%clk 1:30:43]} Bg7 {[%clk 1:31:27]} 4. f4 {[%clk 1:29:32]}
d5 {[%clk 1:27:41]} 5. Nf3 {[%clk 1:29:40]} c5 {[%clk 1:21:57]} 6. c3 {[%clk
1:29:46]} c4 {[%clk 1:08:12]} 7. Bc2 {[%clk 1:29:31]} Nc6 {[%clk 1:08:05]} 8.
O-O {[%clk 1:29:28]} b5 {[%clk 0:51:24]} 9. Qe2 {[%clk 1:25:52]} Ne4 {[%clk
0:43:59]} 10. Nbd2 {[%clk 1:24:12]} Bf5 {[%clk 0:40:51]} 11. Nxe4 {[%clk
1:21:13]} Bxe4 {[%clk 0:41:11]} 12. Bxe4 {[%clk 1:21:33]} dxe4 {[%clk 0:41:37]}
13. Ne5 {[%clk 1:21:48]} Bxe5 {[%clk 0:36:51]} 14. fxe5 {[%clk 1:21:01]} f5
{[%clk 0:31:33]} 15. b3 {[%clk 1:19:17]} Qd5 {[%clk 0:24:14]} 16. bxc4 {[%clk
1:18:45]} Qxc4 {[%clk 0:23:46]} 17. Qxc4 {[%clk 1:19:02]} bxc4 {[%clk 0:24:14]}
18. Ba3 {[%clk 1:17:48]} Rb8 {[%clk 0:22:20]} 19. Rab1 {[%clk 1:17:21]} Kd7
{[%clk 0:22:19]} 20. Kf2 {[%clk 1:15:33]} a6 {[%clk 0:13:08]} 21. Kg3 {[%clk
1:14:13]} Na7 {[%clk 0:10:28]} 22. d5 {[%clk 1:10:00]} e6 {[%clk 0:09:12]} 23.
d6 {[%clk 1:07:12]} Nc6 {[%clk 0:08:49]} 24. Bc5 {[%clk 1:05:02]} Rhf8 {[%clk
0:04:39]} 25. Bd4 {[%clk 1:03:24]} g5 {[%clk 0:04:44]} 26. Kf2 {[%clk 0:55:20]}
f4 {[%clk 0:03:15]} 27. Ke2 {[%clk 0:53:24]} Rb5 {[%clk 0:02:19]} 28. Rxb5
{[%clk 0:49:25]} axb5 {[%clk 0:02:48]} 29. Rb1 {[%clk 0:49:30]} Rb8 {[%clk
0:02:05]} 30. h4 {[%clk 0:48:12]} Nxd4+ {[%clk 0:00:38]} 31. exd4 {[%clk
0:47:44]} g4 {[%clk 0:00:55]} 32. g3 {[%clk 0:46:51]} fxg3 {[%clk 0:01:04]} 33.
a4 {[%clk 0:39:38]} 1-0

[Event "Deutsche Ländermeisterschaft 2014"]
[Site "Hannover GER"]
[Date "2014.10.04"]
[Round "2"]
[White "Wagner, Benjamin"]
[Black "Savchenko, Daniel"]
[Result "1/2-1/2"]
[Termination "normal"]
[Board "4.5"]
[WhiteElo "1601"]
[BlackElo "1784"]
[WhiteClock "00:05:31"]
[BlackClock "00:27:25"]
[WhiteTeam "Team Nord"]
[BlackTeam "Nordrhein-Westfalen"]
[PlyCount "72"]
[WhiteFideId "12957330"]
[BlackFideId "12919195"]
[EventCountry "GER"]
[EventRounds "7"]
[EventType "team-swiss"]
[EventDate "2014.10.02"]

1. e4 {[%clk 1:30:58]} e5 {[%clk 1:30:52]} 2. Nf3 {[%clk 1:31:24]} Nf6 {[%clk
1:31:15]} 3. Nxe5 {[%clk 1:31:41]} d6 {[%clk 1:31:40]} 4. Nf3 {[%clk 1:32:02]}
Nxe4 {[%clk 1:32:04]} 5. d4 {[%clk 1:31:43]} d5 {[%clk 1:32:27]} 6. Bd3 {[%clk
1:31:31]} Nc6 {[%clk 1:32:38]} 7. O-O {[%clk 1:31:12]} Be7 {[%clk 1:32:13]} 8.
Re1 {[%clk 1:29:49]} Bg4 {[%clk 1:32:33]} 9. c4 {[%clk 1:26:19]} Nf6 {[%clk
1:30:43]} 10. Be3 {[%clk 1:13:51]} O-O {[%clk 1:20:46]} 11. Nc3 {[%clk
1:09:22]} Re8 {[%clk 1:16:49]} 12. h3 {[%clk 1:05:18]} Bh5 {[%clk 1:12:39]} 13.
Rc1 {[%clk 1:02:30]} Nb4 {[%clk 1:07:04]} 14. Bf1 {[%clk 0:58:06]} Bf8 {[%clk
0:55:56]} 15. a3 {[%clk 0:54:43]} Nc6 {[%clk 0:55:59]} 16. c5 {[%clk 0:49:15]}
Ne4 {[%clk 0:55:40]} 17. b4 {[%clk 0:39:03]} Ne7 {[%clk 0:54:03]} 18. Be2
{[%clk 0:33:31]} Nf5 {[%clk 0:51:41]} 19. Bf4 {[%clk 0:27:37]} Bxf3 {[%clk
0:48:29]} 20. Bxf3 {[%clk 0:27:49]} Nxc3 {[%clk 0:46:57]} 21. Rxe8 {[%clk
0:22:53]} Qxe8 {[%clk 0:46:41]} 22. Rxc3 {[%clk 0:23:14]} c6 {[%clk 0:46:34]}
23. Bg4 {[%clk 0:20:03]} Qe4 {[%clk 0:37:55]} 24. Be5 {[%clk 0:18:18]} Nh6
{[%clk 0:37:44]} 25. Re3 {[%clk 0:17:24]} Qg6 {[%clk 0:38:01]} 26. Be2 {[%clk
0:14:52]} Nf5 {[%clk 0:34:50]} 27. Rf3 {[%clk 0:14:10]} Qe6 {[%clk 0:34:49]}
28. Bd3 {[%clk 0:09:38]} Nh4 {[%clk 0:34:11]} 29. Rg3 {[%clk 0:09:27]} Ng6
{[%clk 0:34:23]} 30. Qh5 {[%clk 0:09:29]} Qe7 {[%clk 0:30:05]} 31. Rg4 {[%clk
0:08:14]} Qd8 {[%clk 0:28:53]} 32. Kf1 {[%clk 0:06:08]} Be7 {[%clk 0:27:32]}
33. Bf5 {[%clk 0:05:55]} Bf6 {[%clk 0:27:27]} 34. Bd6 {[%clk 0:05:35]} Be7
{[%clk 0:27:16]} 35. Be5 {[%clk 0:05:44]} Bf6 {[%clk 0:27:14]} 36. Bd6 {[%clk
0:05:31]} Be7 {[%clk 0:27:25]} 1/2-1/2

[Event "Deutsche Ländermeisterschaft 2014"]
[Site "Hannover GER"]
[Date "2014.10.04"]
[Round "2"]
[White "Baltic, Fatih"]
[Black "Giede, Anna-Blume"]
[Result "1-0"]
[Termination "normal"]
[Board "4.6"]
[WhiteElo "1890"]
[BlackElo "1456"]
[WhiteClock "00:50:12"]
[BlackClock "00:01:24"]
[WhiteTeam "Nordrhein-Westfalen"]
[BlackTeam "Team Nord"]
[PlyCount "101"]
[WhiteFideId "12979090"]
[BlackFideId "12921980"]
[EventCountry "GER"]
[EventRounds "7"]
[EventType "team-swiss"]
[EventDate "2014.10.02"]

1. e4 {[%clk 1:30:56]} c6 {[%clk 1:30:57]} 2. d4 {[%clk 1:30:49]} d5 {[%clk
1:31:21]} 3. exd5 {[%clk 1:31:11]} cxd5 {[%clk 1:31:46]} 4. Bd3 {[%clk
1:31:30]} Nc6 {[%clk 1:31:45]} 5. c3 {[%clk 1:31:51]} Nf6 {[%clk 1:30:20]} 6.
Bf4 {[%clk 1:31:40]} Bg4 {[%clk 1:23:00]} 7. Qb3 {[%clk 1:32:07]} Qd7 {[%clk
1:13:43]} 8. Nd2 {[%clk 1:31:31]} e6 {[%clk 1:11:09]} 9. Ngf3 {[%clk 1:31:58]}
Bxf3 {[%clk 0:53:17]} 10. Nxf3 {[%clk 1:32:21]} Qc8 {[%clk 0:38:40]} 11. O-O
{[%clk 1:32:23]} Be7 {[%clk 0:38:50]} 12. Rae1 {[%clk 1:31:32]} O-O {[%clk
0:37:39]} 13. h3 {[%clk 1:31:33]} Rd8 {[%clk 0:35:32]} 14. Ne5 {[%clk 1:31:22]}
Nxe5 {[%clk 0:28:56]} 15. Bxe5 {[%clk 1:30:20]} a6 {[%clk 0:21:16]} 16. Qc2
{[%clk 1:26:36]} h6 {[%clk 0:20:14]} 17. f4 {[%clk 1:26:46]} Nd7 {[%clk
0:16:35]} 18. f5 {[%clk 1:26:50]} Nxe5 {[%clk 0:12:38]} 19. dxe5 {[%clk
1:26:14]} exf5 {[%clk 0:10:43]} 20. Bxf5 {[%clk 1:25:28]} Qc6 {[%clk 0:10:48]}
21. Bh7+ {[%clk 1:15:07]} Kh8 {[%clk 0:06:19]} 22. Rxf7 {[%clk 1:13:11]} Bc5+
{[%clk 0:05:42]} 23. Kh1 {[%clk 1:12:58]} Rf8 {[%clk 0:05:10]} 24. e6 {[%clk
1:11:17]} Rae8 {[%clk 0:03:50]} 25. Rxf8+ {[%clk 1:08:01]} Rxf8 {[%clk
0:04:13]} 26. Bf5 {[%clk 1:04:12]} Qc7 {[%clk 0:02:26]} 27. Qd3 {[%clk
0:57:01]} Rd8 {[%clk 0:02:08]} 28. Qf3 {[%clk 0:56:43]} Qe7 {[%clk 0:01:26]}
29. Bc2 {[%clk 0:47:09]} Qf8 {[%clk 0:00:53]} 30. Qd3 {[%clk 0:47:13]} Qg8
{[%clk 0:01:00]} 31. Qg6 {[%clk 0:45:44]} Rf8 {[%clk 0:00:52]} 32. g4 {[%clk
0:43:37]} Rf6 {[%clk 0:00:45]} 33. e7 {[%clk 0:43:50]} Bxe7 {[%clk 0:00:36]}
34. Rxe7 {[%clk 0:44:05]} Rxg6 {[%clk 0:01:01]} 35. Bxg6 {[%clk 0:44:23]} Qf8
{[%clk 0:00:36]} 36. Re8 {[%clk 0:44:46]} Qxe8 {[%clk 0:01:00]} 37. Bxe8 {[%clk
0:45:07]} Kg8 {[%clk 0:01:19]} 38. Bd7 {[%clk 0:45:29]} Kf7 {[%clk 0:01:30]}
39. Bc8 {[%clk 0:45:52]} b6 {[%clk 0:01:53]} 40. Bxa6 {[%clk 0:46:16]} Ke6
{[%clk 0:02:08]} 41. Kg2 {[%clk 0:46:41]} g5 {[%clk 0:02:05]} 42. Kf3 {[%clk
0:47:05]} Kd6 {[%clk 0:02:18]} 43. Ke3 {[%clk 0:47:23]} Kc5 {[%clk 0:02:26]}
44. b4+ {[%clk 0:47:45]} Kc6 {[%clk 0:01:48]} 45. Kd4 {[%clk 0:48:10]} Kd6
{[%clk 0:01:47]} 46. Bb7 {[%clk 0:48:26]} Ke6 {[%clk 0:01:58]} 47. Bxd5+ {[%clk
0:48:48]} Kd6 {[%clk 0:01:48]} 48. a4 {[%clk 0:49:09]} Kd7 {[%clk 0:01:36]} 49.
Ke5 {[%clk 0:49:27]} Ke7 {[%clk 0:01:40]} 50. Be6 {[%clk 0:49:49]} Ke8 {[%clk
0:01:24]} 51. Kd6 {[%clk 0:50:12]} 1-0

[Event "Deutsche Ländermeisterschaft 2014"]
[Site "Hannover GER"]
[Date "2014.10.04"]
[Round "2"]
[White "Caliebe, Nanke"]
[Black "Bork, Sophie"]
[Result "0-1"]
[Termination "normal"]
[Board "4.7"]
[WhiteElo "1446"]
[BlackElo "1574"]
[WhiteClock "00:00:59"]
[BlackClock "00:04:27"]
[WhiteTeam "Team Nord"]
[BlackTeam "Nordrhein-Westfalen"]
[PlyCount "80"]
[WhiteFideId "12980528"]
[BlackFideId "12905429"]
[EventCountry "GER"]
[EventRounds "7"]
[EventType "team-swiss"]
[EventDate "2014.10.02"]

1. d4 {[%clk 1:30:58]} d5 {[%clk 1:30:55]} 2. c4 {[%clk 1:31:19]} e6 {[%clk
1:31:20]} 3. Nc3 {[%clk 1:31:34]} c5 {[%clk 1:31:45]} 4. e3 {[%clk 1:31:05]}
Nf6 {[%clk 1:31:42]} 5. Nf3 {[%clk 1:30:58]} a6 {[%clk 1:31:38]} 6. b3 {[%clk
1:26:08]} Nc6 {[%clk 1:28:38]} 7. Bb2 {[%clk 1:22:12]} Bd6 {[%clk 1:24:40]} 8.
Be2 {[%clk 1:17:47]} O-O {[%clk 1:22:25]} 9. O-O {[%clk 1:16:04]} cxd4 {[%clk
1:20:29]} 10. exd4 {[%clk 1:13:10]} Re8 {[%clk 1:16:45]} 11. Re1 {[%clk
1:08:47]} Bc7 {[%clk 1:10:11]} 12. a3 {[%clk 0:58:37]} b6 {[%clk 1:04:41]} 13.
Qd3 {[%clk 0:56:33]} Bb7 {[%clk 1:01:56]} 14. Bf1 {[%clk 0:44:38]} Ne7 {[%clk
0:47:21]} 15. Rad1 {[%clk 0:39:19]} Qb8 {[%clk 0:43:41]} 16. g3 {[%clk
0:34:37]} Ng6 {[%clk 0:41:14]} 17. Bg2 {[%clk 0:24:33]} h5 {[%clk 0:38:22]} 18.
h4 {[%clk 0:19:01]} Ne4 {[%clk 0:32:08]} 19. Re2 {[%clk 0:14:47]} Nxf2 {[%clk
0:27:18]} 20. Rxf2 {[%clk 0:13:41]} Bxg3 {[%clk 0:27:29]} 21. Re2 {[%clk
0:13:39]} Nf4 {[%clk 0:23:41]} 22. Qe3 {[%clk 0:12:44]} Nxe2+ {[%clk 0:20:48]}
23. Nxe2 {[%clk 0:12:17]} Bd6 {[%clk 0:19:27]} 24. Nd2 {[%clk 0:06:22]} Be7
{[%clk 0:18:23]} 25. Qf2 {[%clk 0:05:13]} Qd8 {[%clk 0:16:42]} 26. Nf4 {[%clk
0:02:53]} Bxh4 {[%clk 0:13:53]} 27. Qf3 {[%clk 0:02:52]} g6 {[%clk 0:13:35]}
28. cxd5 {[%clk 0:02:43]} Bg5 {[%clk 0:12:27]} 29. Rf1 {[%clk 0:01:36]} Rf8
{[%clk 0:12:26]} 30. Nh3 {[%clk 0:01:47]} Bxd5 {[%clk 0:12:04]} 31. Qf2 {[%clk
0:02:01]} Bxg2 {[%clk 0:09:54]} 32. Qxg2 {[%clk 0:02:21]} Bf6 {[%clk 0:09:05]}
33. Nf3 {[%clk 0:01:38]} Qd5 {[%clk 0:07:27]} 34. b4 {[%clk 0:01:15]} Rac8
{[%clk 0:07:06]} 35. Qf2 {[%clk 0:00:50]} Rc7 {[%clk 0:05:22]} 36. Nhg5 {[%clk
0:00:37]} Bxg5 {[%clk 0:05:23]} 37. Nxg5 {[%clk 0:01:00]} Qxg5+ {[%clk
0:05:45]} 38. Kh2 {[%clk 0:01:14]} Qf5 {[%clk 0:03:56]} 39. Qxf5 {[%clk
0:00:37]} exf5 {[%clk 0:04:06]} 40. Rd1 {[%clk 0:00:59]} Rc2+ {[%clk 0:04:27]}
0-1

[Event "Deutsche Ländermeisterschaft 2014"]
[Site "Hannover GER"]
[Date "2014.10.04"]
[Round "2"]
[White "Paulweber, Lara Maria"]
[Black "Wolterink, Jule"]
[Result "1-0"]
[Termination "normal"]
[Board "4.8"]
[WhiteElo "1431"]
[BlackElo "1003"]
[WhiteClock "00:50:35"]
[BlackClock "00:22:31"]
[WhiteTeam "Nordrhein-Westfalen"]
[BlackTeam "Team Nord"]
[PlyCount "151"]
[WhiteFideId "12954411"]
[BlackFideId "12981206"]
[EventCountry "GER"]
[EventRounds "7"]
[EventType "team-swiss"]
[EventDate "2014.10.02"]

1. d4 {[%clk 1:30:57]} d5 {[%clk 1:30:48]} 2. Bf4 {[%clk 1:31:20]} Nf6 {[%clk
1:31:00]} 3. e3 {[%clk 1:31:47]} c5 {[%clk 1:31:02]} 4. c3 {[%clk 1:31:09]} Bf5
{[%clk 1:30:57]} 5. Bd3 {[%clk 1:31:12]} Bxd3 {[%clk 1:30:26]} 6. Qxd3 {[%clk
1:31:29]} e6 {[%clk 1:30:41]} 7. Nf3 {[%clk 1:29:41]} Qb6 {[%clk 1:30:01]} 8.
Qc2 {[%clk 1:26:59]} Be7 {[%clk 1:29:43]} 9. Nbd2 {[%clk 1:26:19]} Nc6 {[%clk
1:29:45]} 10. Ne5 {[%clk 1:26:02]} O-O {[%clk 1:28:27]} 11. Ndf3 {[%clk
1:25:37]} Rac8 {[%clk 1:27:40]} 12. Bg5 {[%clk 1:25:12]} Rfd8 {[%clk 1:26:38]}
13. O-O {[%clk 1:24:25]} cxd4 {[%clk 1:25:26]} 14. exd4 {[%clk 1:24:11]} Re8
{[%clk 1:22:51]} 15. Bxf6 {[%clk 1:22:44]} Bxf6 {[%clk 1:23:11]} 16. Nd7 {[%clk
1:22:14]} Qd8 {[%clk 1:21:48]} 17. Nxf6+ {[%clk 1:22:23]} Qxf6 {[%clk 1:21:48]}
18. Rfe1 {[%clk 1:22:00]} e5 {[%clk 1:20:07]} 19. dxe5 {[%clk 1:19:36]} Nxe5
{[%clk 1:19:38]} 20. Nxe5 {[%clk 1:19:20]} Rxe5 {[%clk 1:19:42]} 21. Qd2 {[%clk
1:17:49]} Rce8 {[%clk 1:20:01]} 22. Rad1 {[%clk 1:17:23]} Qd6 {[%clk 1:19:41]}
23. h3 {[%clk 1:15:22]} Qe6 {[%clk 1:18:23]} 24. Rxe5 {[%clk 1:14:30]} Qxe5
{[%clk 1:18:01]} 25. Qxd5 {[%clk 1:13:14]} Qe7 {[%clk 1:13:53]} 26. Qd7 {[%clk
1:11:51]} Qe4 {[%clk 1:12:48]} 27. Qd8 {[%clk 1:10:03]} h6 {[%clk 1:11:44]} 28.
Qd2 {[%clk 1:09:03]} Qe5 {[%clk 1:09:33]} 29. Qd5 {[%clk 1:04:48]} Qe7 {[%clk
1:08:15]} 30. Kh1 {[%clk 1:03:30]} Kh8 {[%clk 1:06:55]} 31. f3 {[%clk 1:02:56]}
Kh7 {[%clk 1:04:11]} 32. Rd4 {[%clk 0:59:06]} Qe1+ {[%clk 1:00:55]} 33. Kh2
{[%clk 0:58:19]} Re5 {[%clk 0:56:17]} 34. Qxb7 {[%clk 0:56:16]} Rg5 35. Qe4+
{[%clk 0:56:18]} Qxe4 {[%clk 0:55:44]} 36. Rxe4 {[%clk 0:56:25]} Kg8 {[%clk
0:55:00]} 37. Ra4 {[%clk 0:56:41]} Rb5 {[%clk 0:55:15]} 38. b4 {[%clk 0:56:34]}
Rb7 {[%clk 0:54:34]} 39. c4 {[%clk 0:56:46]} Rc7 {[%clk 0:53:19]} 40. b5 {[%clk
0:56:39]} Rb7 {[%clk 0:51:58]} 41. Rb4 {[%clk 0:56:53]} Rc7 {[%clk 0:49:59]}
42. a4 {[%clk 0:57:12]} Kf8 {[%clk 0:49:59]} 43. a5 {[%clk 0:57:32]} Ke7 {[%clk
0:49:15]} 44. Kg3 {[%clk 0:57:45]} Kd6 {[%clk 0:49:37]} 45. b6 {[%clk 0:56:33]}
axb6 {[%clk 0:47:30]} 46. Rxb6+ {[%clk 0:55:33]} Kc5 {[%clk 0:47:31]} 47. Rb2
{[%clk 0:53:04]} Ra7 {[%clk 0:46:04]} 48. Kf4 {[%clk 0:52:05]} Rxa5 {[%clk
0:44:55]} 49. Rb7 {[%clk 0:52:10]} g5+ {[%clk 0:44:09]} 50. Kg4 {[%clk
0:52:12]} f5+ {[%clk 0:43:49]} 51. Kxf5 {[%clk 0:51:48]} Kxc4+ {[%clk 0:41:08]}
52. Kg6 {[%clk 0:50:20]} Ra6+ {[%clk 0:40:47]} 53. Kh5 {[%clk 0:50:47]} Ra2
{[%clk 0:39:41]} 54. g4 {[%clk 0:50:35]} Rh2 {[%clk 0:39:44]} 55. Kxh6 {[%clk
0:50:48]} Rxh3+ {[%clk 0:39:36]} 56. Kxg5 {[%clk 0:51:09]} Rxf3 {[%clk
0:39:36]} 57. Re7 {[%clk 0:51:02]} Kd5 {[%clk 0:39:55]} 58. Kh4 {[%clk
0:49:54]} Kd6 {[%clk 0:40:06]} 59. Re1 {[%clk 0:49:51]} Rf6 {[%clk 0:40:13]}
60. Kh5 {[%clk 0:48:57]} Kd7 {[%clk 0:32:21]} 61. g5 {[%clk 0:48:48]} Rf5
{[%clk 0:28:00]} 62. Kh6 {[%clk 0:48:59]} Rb5 {[%clk 0:24:55]} 63. g6 {[%clk
0:48:56]} Rb6 {[%clk 0:25:00]} 64. Kh7 {[%clk 0:49:19]} Kd6 {[%clk 0:24:16]}
65. g7 {[%clk 0:49:43]} Rb7 {[%clk 0:24:30]} 66. Kh8 {[%clk 0:49:53]} Rb8+
{[%clk 0:23:30]} 67. g8=Q Rxg8+ 68. Kxg8 {[%clk 0:48:28]} Kd5 69. Re7 Kd6
{[%clk 0:23:17]} 70. Kf7 {[%clk 0:48:53]} Kd5 {[%clk 0:23:13]} 71. Re6 {[%clk
0:49:20]} Kd4 {[%clk 0:22:39]} 72. Kf6 {[%clk 0:49:42]} Kd5 {[%clk 0:22:46]}
73. Kf5 {[%clk 0:50:00]} Kd4 {[%clk 0:23:03]} 74. Re5 {[%clk 0:50:23]} Kd3 75.
Re4 Kc3 {[%clk 0:22:31]} 76. Ke5 {[%clk 0:50:35]} 1-0

[Event "Deutsche Ländermeisterschaft 2014"]
[Site "Hannover GER"]
[Date "2014.10.04"]
[Round "2"]
[White "Moritz, Aron"]
[Black "Krause, Benedict"]
[Result "0-1"]
[Termination "normal"]
[Board "5.1"]
[WhiteElo "2177"]
[BlackElo "2339"]
[WhiteClock "00:09:13"]
[BlackClock "00:29:45"]
[WhiteTeam "Berlin"]
[BlackTeam "Schleswig-Holstein"]
[PlyCount "90"]
[WhiteFideId "24672319"]
[BlackFideId "12917990"]
[EventCountry "GER"]
[EventRounds "7"]
[EventType "team-swiss"]
[EventDate "2014.10.02"]

1. e4 {[%clk 1:30:57]} c5 {[%clk 1:30:56]} 2. Nf3 {[%clk 1:31:19]} e6 {[%clk
1:31:20]} 3. d4 {[%clk 1:31:32]} cxd4 {[%clk 1:31:45]} 4. Nxd4 {[%clk 1:31:57]}
a6 {[%clk 1:32:08]} 5. Bd3 {[%clk 1:29:47]} Nf6 {[%clk 1:32:15]} 6. Qe2 {[%clk
1:28:21]} d6 {[%clk 1:29:28]} 7. O-O {[%clk 1:23:12]} Qc7 {[%clk 1:29:34]} 8.
c4 {[%clk 1:18:12]} g6 {[%clk 1:29:25]} 9. Nc3 {[%clk 1:17:28]} Bg7 {[%clk
1:29:47]} 10. Be3 {[%clk 1:07:59]} O-O {[%clk 1:28:52]} 11. f4 {[%clk 1:06:21]}
Nbd7 {[%clk 1:22:36]} 12. b4 {[%clk 1:06:14]} b6 {[%clk 1:19:02]} 13. Rac1
{[%clk 1:04:48]} Bb7 {[%clk 1:19:07]} 14. h3 {[%clk 1:02:28]} Rfe8 {[%clk
1:07:39]} 15. Nb3 {[%clk 0:58:56]} Rac8 {[%clk 1:03:30]} 16. a4 {[%clk
0:47:12]} Qb8 {[%clk 1:00:41]} 17. g4 {[%clk 0:31:22]} Qa8 {[%clk 0:52:08]} 18.
Nd2 {[%clk 0:29:16]} d5 {[%clk 0:38:04]} 19. e5 {[%clk 0:26:38]} Ne4 {[%clk
0:36:15]} 20. Bxe4 {[%clk 0:25:03]} dxe4 {[%clk 0:36:40]} 21. Bd4 {[%clk
0:21:57]} e3 {[%clk 0:35:27]} 22. Qxe3 {[%clk 0:20:49]} Bf8 {[%clk 0:33:24]}
23. Rb1 {[%clk 0:20:36]} a5 {[%clk 0:32:47]} 24. b5 {[%clk 0:17:10]} Nc5 {[%clk
0:32:29]} 25. f5 {[%clk 0:16:08]} Bg7 {[%clk 0:30:15]} 26. fxg6 {[%clk
0:14:09]} fxg6 {[%clk 0:28:43]} 27. Rf2 {[%clk 0:13:16]} Re7 {[%clk 0:28:05]}
28. Rbf1 {[%clk 0:13:25]} Rd7 {[%clk 0:27:59]} 29. g5 {[%clk 0:07:57]} Rcd8
{[%clk 0:24:37]} 30. Rf4 {[%clk 0:08:16]} Bg2 {[%clk 0:22:42]} 31. R1f2 {[%clk
0:08:26]} Bxh3 {[%clk 0:19:26]} 32. Bxc5 {[%clk 0:02:02]} Rd3 {[%clk 0:19:19]}
33. Qe4 {[%clk 0:01:21]} bxc5 {[%clk 0:19:08]} 34. Nd5 {[%clk 0:00:53]} Rg3+
{[%clk 0:12:30]} 35. Kh2 {[%clk 0:01:19]} exd5 {[%clk 0:12:51]} 36. cxd5 {[%clk
0:01:31]} Bf5 {[%clk 0:12:53]} 37. Rxf5 {[%clk 0:01:17]} gxf5 {[%clk 0:13:17]}
38. Qxf5 {[%clk 0:01:34]} Re3 {[%clk 0:11:59]} 39. Nc4 {[%clk 0:00:41]} Re1
{[%clk 0:09:42]} 40. Qe6+ {[%clk 0:00:31]} Kh8 {[%clk 0:09:25]} 41. Rd2 {[%clk
0:21:36]} Re8 {[%clk 0:37:04]} 42. Qc6 {[%clk 0:21:40]} Bxe5+ {[%clk 0:32:32]}
43. Nxe5 {[%clk 0:20:40]} R1xe5 {[%clk 0:32:51]} 44. d6 {[%clk 0:11:43]} Qd8
{[%clk 0:30:27]} 45. d7 {[%clk 0:09:13]} Re2+ {[%clk 0:29:45]} 0-1